Visualizzazione normale
Vista MARC
- Renaissance
di Personal Name
Records bibliografici associati: 1
001 - CONTROL NUMBER
- control field: 15003
003 - CONTROL NUMBER IDENTIFIER
- control field: IT-RoPau
005 - DATE AND TIME OF LATEST TRANSACTION
- control field: 20140227220251.0
008 - FIXED-LENGTH DATA ELEMENTS
- fixed length control field: 140227|| aca||aabn | a|a d
040 ## - CATALOGING SOURCE
- Original cataloging agency: IT-RoPau
- Transcribing agency: IT-RoPau
100 ## - HEADING--PERSONAL NAME
- Personal name: Renaissance
- Miscellaneous information: Codice interprete SPICS: 11390
- Relator term: Interprete
670 ## - SOURCE DATA FOUND
- Source citation: Work cat.: (IT-RoPau)100891: Renaissance 15000, Live